| 000 | 00706cab a2200229 4500 | ||
|---|---|---|---|
| 001 | WB2906-22 | ||
| 008 | 090401t1993 xxu||||| |||| 00| 0 eng d | ||
| 035 | _a(Sirsi) u48491 | ||
| 041 | _aeng | ||
| 245 | _aThreatened badgers | ||
| 260 | _c1993 | ||
| 350 | _a0 | ||
| 490 |
_aTimes _v11 February 1993, 4 |
||
| 490 |
_aDaily Telegraph _v11 February 1993, 3(2) |
||
| 520 | _a"Bunkers and dream homes for badgers" (National Federation od Badger Groups £2) shows how to construct artifical homes for badgers forced to move from their setts. | ||
| 650 | _aBADGERS | ||
| 650 | _aENDANGERED SPECIES | ||
| 650 | _aWILDLIFE CONSERVATION | ||
| 690 | _aCONSERVATION | ||
| 942 | _n0 | ||
| 948 | _c04/03/1997 | ||
| 999 |
_c30463 _d30463 |
||